000 00957nas a2200301 4500
001 BR2013007855
003 BR-BrBNA
005 20231205123037.0
007 ta
008 230509b bl.|||p| |||| 00| 00por d
040 _aBR-BrBNA
_bpor
_cBiblioteca Nacional de Agricultura
041 _a(En)
072 _aQ02; U10
100 1 _aSantos, E. de S.
100 1 _aCorrêa, P.C.
100 1 _aBaptestini, F.M.
100 1 _aBotelho, F.M.
100 1 _aMagalhães, F.E. de A.
245 1 _aMathematical modeling of dehydration of 'Fuji' and 'Gala' apples slices using infrared
650 _aMAÇÃ
650 _aDESIDRATAÇÃO
650 _aVITAMINA C
650 _aVALOR NUTRITIVO
773 0 _tCiência e Tecnologia de Alimentos (Brazil)
_xISSN 1678-457X
_g(Jul-Sep 2011), v. 31(3) p. 776-781
_wBR2013007855
856 4 0 _uhttp://www.scielo.br/pdf/cta/v31n3/a35v31n3.pdf
909 _a202311
_bLúcia
_c55
_dLúcia Elande
942 _2AGRIS
_n0
_cANA
999 _c231912
_d231912